• 首页
  • 本馆介绍
  • 公告通知
  • 最新文献
  • 馆藏检索
  • 电子资源
  • 读者导购
  • 参考咨询
  • 我的图书馆
  • 登录
  • 详细信息显示
  • 放入我的书架
  • 预约/预借图书
  • 作者相关作品
  • 分类相关作品
  • 丛书相关作品
  • 出版社相关作品

书目信息

  • 表格格式
  • 工作单格式
  • 卡片格式
题名:
现代法国小说史
    
 
作者: 郑克鲁 著
分册:  
出版信息: 上海   上海外语教育出版社  1998
页数: 925页
开本: 22cm
丛书名: 外国文学史丛书
单 册:
中图分类: I565.074
科图分类:
主题词: 文学
电子资源:
ISBN: 7-81046-359-4
000 00624nam0 2200217 45
001 0310262040
005 20031219104120.9
010    @a7-81046-359-4@b精装@dCNY48.00
100    @a20031026d1998 km y0chiy0120 ea
101 0  @achi
105    @a z 000yy
200 1  @a现代法国小说史@AXian Dai Fa Guo Xiao Shuo Shi@f郑克鲁著@FZheng Ke Lu Zhu
210    @a上海@c上海外语教育出版社@d1998
215    @a925页@d22cm
225    @a外国文学史丛书
410    @12001 @a外国文学史丛书
606 0  @a文学
690    @aI565.074@v4
701    @a郑克鲁@4著
801    @aCN@bTSTC@c20031026
905    @b327571-572@a213230@dI565.074@e326@f2
    
    现代法国小说史/郑克鲁著.-上海:上海外语教育出版社,1998
    925页;22cm.-(外国文学史丛书)
    
    
    ISBN 7-81046-359-4(精装):CNY48.00
    
●
相关链接 在E读中查询图书 在五车中查询图书 在当当中查询图书 在豆瓣中查询图书


正题名:现代法国小说史     索取号:I565.074/326         预约/预借

序号 登录号 条形码 馆藏地/架位号 状态 备注
1 0327571   203275712   第二借阅区/ [索取号:I565.074/326] 在馆    
2 0327572   203275721   第一样本阅览室/ [索取号:I565.074/326] 在馆    
唐山师范学院图书馆 欢迎您!
大连网信软件有限公司© 版权所有